[Event "POL-chT Ekstraliga"]
[Site "Chotowa"]
[Date "2025.06.06"]
[Round "5.2"]
[White "Jarmula, Lukasz"]
[Black "Cyborowski, Lukasz"]
[Result "1/2-1/2"]
[WhiteElo "2440"]
[BlackElo "2459"]
[PlyCount "81"]
[EventDate "2025.06.02"]
[EventType "team-tourn"]
[EventRounds "9"]
[EventCountry "POL"]
[SourceTitle "CB24_2025"]
[SourceDate "2025.06.11"]
[SourceVersion "1"]
[SourceVersionDate "2025.06.11"]
[SourceQuality "1"]
[WhiteTeam "Plock Hetman"]
[BlackTeam "Miedzyborow Wrzos"]
[WhiteTeamCountry "POL"]
[BlackTeamCountry "POL"]

1. b3 d5 2. Bb2 Nf6 3. Nf3 Bf5 4. Nh4 Bc8 5. e3 e6 6. Nf3 Be7 7. g4 0-0 8. g5 Ne4 9. h4 c5 10. Nc3 Nd6 11. d4 c4 12. bxc4 Nxc4 13. Bxc4 dxc4 14. h5 b5 15. h6 g6 16. d5 Bb7 17. Qd4 f6 18. a3 Nd7 19. Qg4 Qb6 20. 0-0-0 f5 21. Qf4 Bd6 22. Qd4 Qxd4 23. Nxd4 a6 24. Nxe6 Rf7 25. e4 Nb6 26. Rhe1 b4 27. axb4 Bxb4 28. f3 fxe4 29. fxe4 Rf3 30. Nc7 Rd8 31. Ne6 Re8 32. Rf1 Rxc3 33. d6 Nd7 34. Nc7 Rxe4 35. Bxc3 Bxc3 36. Nd5 Bxd5 37. Rxd5 Re5 38. Rxe5 Bxe5 39. Kb1 Nf8 40. Rd1 Nd7 41. Rf1 1/2-1/2

[Event "POL-chT Ekstraliga"]
[Site "Chotowa"]
[Date "2025.06.03"]
[Round "2.2"]
[White "Cyborowski, Lukasz"]
[Black "Janik, Igor"]
[Result "1/2-1/2"]
[WhiteElo "2459"]
[BlackElo "2520"]
[PlyCount "36"]
[EventDate "2025.06.02"]
[EventType "team-tourn"]
[EventRounds "9"]
[EventCountry "POL"]
[SourceTitle "CB24_2025"]
[SourceDate "2025.06.11"]
[SourceVersion "1"]
[SourceVersionDate "2025.06.11"]
[SourceQuality "1"]
[WhiteTeam "Miedzyborow Wrzos"]
[BlackTeam "Gorzow Wielkopolski Stilon"]
[WhiteTeamCountry "POL"]
[BlackTeamCountry "POL"]

1. Nf3 Nf6 2. c4 g6 3. g3 Bg7 4. Bg2 c6 5. b3 d5 6. Bb2 0-0 7. 0-0 Bg4 8. d3 Bxf3 9. Bxf3 e6 10. Nd2 a5 11. a3 Nbd7 12. Qc2 Qe7 13. Bg2 Rfd8 14. e3 Ne8 15. Bxg7 Kxg7 16. d4 Nd6 17. Rfe1 Nf6 18. Nf3 Nd7 1/2-1/2

[Event "BCF-chT 2425 (4NCL)"]
[Site "England"]
[Date "2025.02.15"]
[Round "5.16"]
[White "Cyborowski, Lukasz"]
[Black "Morea, Georgiana Steluta"]
[Result "1-0"]
[WhiteElo "2455"]
[BlackElo "1941"]
[PlyCount "51"]
[EventDate "2024.11.23"]
[EventType "team-swiss"]
[EventRounds "11"]
[EventCountry "ENG"]
[SourceTitle "CB14_2025"]
[SourceDate "2024.11.01"]
[SourceVersion "1"]
[SourceVersionDate "2024.11.01"]
[SourceQuality "1"]
[WhiteTeam "Manx Liberty"]
[BlackTeam "The Sharks II"]
[WhiteTeamCountry "ENG"]
[BlackTeamCountry "ENG"]

1. d4 Nf6 2. Nc3 g6 3. e4 d6 4. f4 Bg7 5. Bd3 0-0 6. Nf3 b6 7. Qe2 Bb7 8. e5 dxe5 9. dxe5 Nd5 10. Bd2 c5 11. 0-0-0 Qc8 12. Kb1 a6 13. f5 b5 14. e6 fxe6 15. fxg6 h6 16. Ne5 c4 17. Be4 b4 18. Nxd5 exd5 19. Bf3 Qf5 20. Nxc4 dxc4 21. Qxc4+ Kh8 22. Bxb7 Ra7 23. Rhf1 Qh5 24. Rxf8+ Bxf8 25. Rf1 Nd7 26. Qf7 1-0

[Event "CZE-chT 2425"]
[Site "Czech Republic"]
[Date "2024.11.03"]
[Round "2.3"]
[White "Cyborowski, Lukasz"]
[Black "Hracek, Zbynek"]
[Result "1/2-1/2"]
[WhiteElo "2454"]
[BlackElo "2541"]
[PlyCount "29"]
[EventDate "2024.11.01"]
[EventType "team-tourn"]
[EventRounds "11"]
[EventCountry "CZE"]
[SourceTitle "CB45_2024"]
[Source "ChessBase"]
[SourceDate "2024.11.06"]
[SourceVersion "1"]
[SourceVersionDate "2024.11.06"]
[SourceQuality "1"]
[WhiteTeam "Turnov Zikuda"]
[BlackTeam "Pardubice Sigil Fund"]
[WhiteTeamCountry "CZE"]
[BlackTeamCountry "CZE"]

1. Nf3 d5 2. d4 Nf6 3. c4 dxc4 4. e3 e6 5. Bxc4 c5 6. 0-0 Nc6 7. Nc3 a6 8. dxc5 Qxd1 9. Rxd1 Bxc5 10. a3 0-0 11. b4 Be7 12. Bb2 b5 13. Be2 Bb7 14. Rac1 Rfd8 15. Kf1 1/2-1/2

[Event "POL-ch Rapid"]
[Site "Lublin"]
[Date "2024.10.05"]
[Round "7"]
[White "Cyborowski, Lukasz"]
[Black "Raczek, Krzysztof"]
[Result "1-0"]
[WhiteElo "2454"]
[BlackElo "2435"]
[PlyCount "97"]
[EventDate "2024.10.05"]
[EventType "swiss (rapid)"]
[EventRounds "9"]
[EventCountry "POL"]
[SourceTitle "CB45_2024"]
[Source "ChessBase"]
[SourceDate "2024.11.06"]
[SourceVersion "1"]
[SourceVersionDate "2024.11.06"]
[SourceQuality "1"]

1. Nf3 d5 2. d4 Nf6 3. c4 e6 4. Nc3 c5 5. e3 cxd4 6. exd4 Bb4 7. cxd5 Nxd5 8. Bd2 0-0 9. Bd3 Nc6 10. 0-0 Be7 11. Qe2 b6 12. Qe4 g6 13. Bb5 Bb7 14. Bh6 Re8 15. Nxd5 exd5 16. Qf4 Bd6 17. Qd2 a6 18. Ba4 b5 19. Bc2 Bc8 20. h3 Bb4 21. Qd1 Qf6 22. a4 Bd7 23. Bg5 Qg7 24. axb5 axb5 25. Rxa8 Rxa8 26. Qd3 h6 27. Bf4 Na5 28. Ne5 Be8 29. Qf3 Rd8 30. Ng4 h5 31. Ne5 f6 32. Nd3 Bf8 33. Nc5 Qf7 34. Re1 Nc6 35. Ne6 Rc8 36. Bb3 Nb4 37. Qg3 Be7 38. Bd2 Bc6 39. Nf4 g5 40. h4 Re8 41. hxg5 h4 42. Qg4 fxg5 43. Bxb4 Bxb4 44. Rxe8+ Qxe8 45. Qxg5+ Kf8 46. Ng6+ Kf7 47. Ne5+ Kf8 48. Qf6+ Kg8 49. Qxc6 1-0

[Event "POL-chT 1st League"]
[Site "Darlowo"]
[Date "2024.09.19"]
[Round "6.8"]
[White "Golubka, Petr"]
[Black "Cyborowski, Lukasz"]
[Result "1/2-1/2"]
[WhiteElo "2379"]
[BlackElo "2454"]
[PlyCount "36"]
[EventDate "2024.09.14"]
[EventType "team-swiss"]
[EventRounds "9"]
[EventCountry "POL"]
[SourceTitle "EXT 2025"]
[Source "ChessBase"]
[SourceDate "2024.10.14"]
[SourceVersion "1"]
[SourceVersionDate "2024.10.14"]
[SourceQuality "1"]

1. d4 d5 2. c4 e6 3. Nc3 Nf6 4. cxd5 exd5 5. Bg5 c6 6. e3 h6 7. Bh4 Be7 8. Bd3 0-0 9. Nge2 Ne8 10. Bg3 Nd6 11. Qc2 Re8 12. 0-0 Bf8 13. h3 Nd7 14. Kh1 Nf6 15. Be5 Nd7 16. Bf4 Nf6 17. Be5 Nd7 18. Bf4 Nf6 1/2-1/2

[Event "Legnica Voivoda Cup 38th"]
[Site "Legnica"]
[Date "2024.06.01"]
[Round "5"]
[White "Cyborowski, Lukasz"]
[Black "Golubka, Petr"]
[Result "1/2-1/2"]
[WhiteElo "2479"]
[BlackElo "2391"]
[PlyCount "64"]
[EventDate "2024.05.29"]
[EventType "tourn"]
[EventRounds "9"]
[EventCountry "POL"]
[EventCategory "6"]
[SourceTitle "CBM 220 Extra"]
[Source "ChessBase"]
[SourceDate "2024.07.31"]
[SourceVersion "1"]
[SourceVersionDate "2024.07.31"]
[SourceQuality "1"]

1. d4 d5 2. Nf3 e6 3. c4 a6 4. Nbd2 Nf6 5. g3 c5 6. cxd5 exd5 7. Bg2 Nc6 8. 0-0 Be6 9. dxc5 Bxc5 10. Nb3 Bb6 11. Nfd4 0-0 12. Be3 Re8 13. Nxc6 bxc6 14. Bxb6 Qxb6 15. Qc2 Bg4 16. e3 a5 17. Rac1 Reb8 18. h3 Bd7 19. Nc5 Be8 20. b3 Qb4 21. Rfd1 Qa3 22. e4 dxe4 23. Nxe4 Nxe4 24. Bxe4 h6 25. Rd4 a4 26. Rxa4 Rxa4 27. bxa4 Rb2 28. Qc5 Qxc5 29. Rxc5 Rxa2 30. Bxc6 Ra1+ 31. Kg2 Bxc6+ 32. Rxc6 Rxa4 1/2-1/2

[Event "Bundesliga 2324"]
[Site "Germany"]
[Date "2024.02.04"]
[Round "8.6"]
[White "Cyborowski, Lukasz"]
[Black "Pruijssers, Roeland"]
[Result "1/2-1/2"]
[WhiteElo "2479"]
[BlackElo "2540"]
[PlyCount "45"]
[EventDate "2023.10.21"]
[EventType "team-tourn"]
[EventRounds "15"]
[EventCountry "GER"]
[SourceTitle "CBM 218 Extra"]
[Source "ChessBase"]
[SourceDate "2024.03.31"]
[SourceVersion "1"]
[SourceVersionDate "2024.03.31"]
[SourceQuality "1"]
[WhiteTeam "Remagen Sinzig"]
[BlackTeam "Werder Bremen"]
[WhiteTeamCountry "GER"]
[BlackTeamCountry "GER"]

1. d4 d5 2. c4 e6 3. Nc3 Nf6 4. Bg5 Be7 5. e3 h6 6. Bh4 Nbd7 7. Nf3 0-0 8. Rc1 c5 9. cxd5 Nxd5 10. Bxe7 Nxe7 11. Bb5 cxd4 12. Qxd4 Nf6 13. 0-0 Qxd4 14. Nxd4 Rd8 15. Rfd1 Bd7 16. Kf1 Rac8 17. Bxd7 Rxd7 18. Ke2 Kf8 19. Ncb5 a6 20. Rxc8+ Nxc8 21. Rc1 Nb6 22. Nc3 Ke7 23. Rc2 1/2-1/2

[Event "Bundesliga 2324"]
[Site "Germany"]
[Date "2024.01.13"]
[Round "5.4"]
[White "Cyborowski, Lukasz"]
[Black "Zilka, Stepan"]
[Result "1/2-1/2"]
[WhiteElo "2479"]
[BlackElo "2599"]
[PlyCount "49"]
[EventDate "2023.10.21"]
[EventType "team-tourn"]
[EventRounds "15"]
[EventCountry "GER"]
[SourceTitle "CBM 218 Extra"]
[Source "ChessBase"]
[SourceDate "2024.03.31"]
[SourceVersion "1"]
[SourceVersionDate "2024.03.31"]
[SourceQuality "1"]
[WhiteTeam "Remagen Sinzig"]
[BlackTeam "Deizisau"]
[WhiteTeamCountry "GER"]
[BlackTeamCountry "GER"]

1. c4 Nf6 2. Nf3 c5 3. Nc3 d5 4. cxd5 Nxd5 5. d4 cxd4 6. Qxd4 e6 7. e4 Nxc3 8. Qxc3 Nc6 9. Bb5 Bd7 10. 0-0 a6 11. Be2 Rc8 12. Bg5 f6 13. Be3 Qa5 14. Qxa5 Nxa5 15. Rac1 Rxc1 16. Rxc1 Nc6 17. Nd2 Kf7 18. Nc4 Be7 19. Rd1 Nb8 20. Na5 Rc8 21. Nxb7 Rc2 22. Rd2 Rc1+ 23. Rd1 Rc2 24. Rd2 Rc1+ 25. Rd1 1/2-1/2

[Event "Bundesliga 2324"]
[Site "Germany"]
[Date "2023.10.22"]
[Round "2.8"]
[White "Georgiadis, Nico"]
[Black "Cyborowski, Lukasz"]
[Result "1/2-1/2"]
[WhiteElo "2563"]
[BlackElo "2479"]
[PlyCount "59"]
[EventDate "2023.10.21"]
[EventType "team-tourn"]
[EventRounds "15"]
[EventCountry "GER"]
[SourceTitle "CBM 216 Extra"]
[Source "ChessBase"]
[SourceDate "2023.11.30"]
[SourceVersion "1"]
[SourceVersionDate "2023.11.30"]
[SourceQuality "1"]
[WhiteTeam "Bayern Muenchen"]
[BlackTeam "Remagen Sinzig"]
[WhiteTeamCountry "GER"]
[BlackTeamCountry "GER"]

1. e4 e5 2. Nf3 Nc6 3. Bb5 Nf6 4. d3 Bc5 5. Nbd2 d6 6. Bxc6+ bxc6 7. 0-0 0-0 8. h3 Bb6 9. Re1 Nd7 10. a4 a6 11. Nc4 Re8 12. c3 Nc5 13. Be3 Be6 14. b4 Nb7 15. a5 Bxe3 16. Nxe3 c5 17. d4 exd4 18. cxd4 cxb4 19. Nd2 Qf6 20. Ndc4 Rab8 21. Rc1 Qg5 22. Qf3 Qb5 23. d5 Bd7 24. Nf5 Bxf5 25. Qxf5 Nc5 26. e5 Nb3 27. exd6 Nxc1 28. Rxc1 g6 29. Qf4 cxd6 30. Nxd6 1/2-1/2

[Event "POL-ch Rapid"]
[Site "Lublin"]
[Date "2023.10.07"]
[Round "3"]
[White "Wilk, Igor"]
[Black "Cyborowski, Lukasz"]
[Result "1/2-1/2"]
[WhiteElo "2228"]
[BlackElo "2479"]
[PlyCount "251"]
[EventDate "2023.10.07"]
[EventType "swiss (rapid)"]
[EventRounds "9"]
[EventCountry "POL"]
[SourceTitle "CBM 216 Extra"]
[Source "ChessBase"]
[SourceDate "2023.11.30"]
[SourceVersion "1"]
[SourceVersionDate "2023.11.30"]
[SourceQuality "1"]

1. e4 c5 2. Nf3 e6 3. g3 Nc6 4. Bg2 Nf6 5. Nc3 d6 6. 0-0 Bd7 7. d4 cxd4 8. Nxd4 a6 9. Re1 Be7 10. Be3 0-0 11. Qe2 Qc7 12. Rad1 b5 13. Nxc6 Bxc6 14. Bf4 Rfe8 15. a3 h6 16. e5 dxe5 17. Bxe5 Qb7 18. Bxc6 Qxc6 19. Rd3 Red8 20. Red1 Rxd3 21. Rxd3 Rc8 22. h3 a5 23. Nxb5 Qxc2 24. Qxc2 Rxc2 25. Rc3 Re2 26. Rc8+ Kh7 27. Bc3 Ne4 28. Rc7 Bc5 29. Nd4 Bxd4 30. Bxd4 Rd2 31. Be3 Rd1+ 32. Kg2 f6 33. Ra7 Rb1 34. Rxa5 Rxb2 35. Ra6 e5 36. a4 Ra2 37. a5 Nc3 38. Ra8 Nd5 39. Bc5 Rc2 40. Bd6 e4 41. Kf1 Rc1+ 42. Ke2 Rc2+ 43. Ke1 Ra2 44. a6 Nb6 45. Re8 Ra1+ 46. Ke2 Ra2+ 47. Kf1 f5 48. Be5 Nc4 49. Bd4 Rxa6 50. Re7 Rg6 51. h4 h5 52. Ke2 Nb6 53. Rf7 Rd6 54. Bxb6 Rxb6 55. Rxf5 g6 56. Re5 Rb4 57. Ke3 Kg7 58. Rxe4 Rb3+ 59. Kf4 Rb2 60. f3 Kf6 61. Ra4 Rb5 62. Ra6+ Kg7 63. Re6 Rf5+ 64. Ke4 Ra5 65. Rd6 Ra3 66. Rd3 Ra5 67. Re3 Kf6 68. Rb3 Re5+ 69. Kf4 Rf5+ 70. Ke3 Re5+ 71. Kf2 Ra5 72. g4 hxg4 73. fxg4 Ra4 74. Kg3 Rc4 75. Rb6+ Kg7 76. Re6 Kf7 77. Re3 Rb4 78. Rf3+ Kg7 79. Rf4 Rb3+ 80. Rf3 Rb4 81. g5 Ra4 82. Rf4 Ra3+ 83. Kg4 Ra1 84. Rb4 Rg1+ 85. Kf3 Rf1+ 86. Kg2 Rf7 87. Kg3 Rc7 88. Rb6 Rc3+ 89. Kg2 Rc4 90. Rb7+ Kg8 91. Kg3 Ra4 92. Re7 Rb4 93. Re6 Kf7 94. Rf6+ Kg7 95. Rf4 Rb3+ 96. Kg4 Rb1 97. Ra4 Rg1+ 98. Kf4 Rf1+ 99. Ke5 Re1+ 100. Re4 Ra1 101. Rd4 Re1+ 102. Kd6 Re2 103. Kd7 Re1 104. Kd6 Re2 105. Kd5 Re1 106. Re4 Rd1+ 107. Ke6 Ra1 108. Rd4 Re1+ 109. Kd5 Re2 110. Re4 Rd2+ 111. Ke5 Ra2 112. Rc4 Re2+ 113. Kf4 Re7 114. Kg4 Ra7 115. h5 gxh5+ 116. Kxh5 Ra6 117. Rc7+ Kg8 118. Rb7 Rc6 119. g6 Rc8 120. Kh6 Ra8 121. Rg7+ Kh8 122. Rh7+ Kg8 123. Rf7 Rb8 124. Rf6 Ra8 125. g7 Rb8 126. Rf8+ 1/2-1/2